Introducción a la inferencia estadística (Registro nro. 6096)

Detalles MARC
000 -LEADER
fixed length control field 01157 a2200241 4500
001 - CONTROL NUMBER
control field 57008
005 - DATE AND TIME OF LATEST TRANSACTION
control field 20260407155833.0
008 - FIXED-LENGTH DATA ELEMENTS--GENERAL INFORMATION
fixed length control field 260407a1968 arg spa d
003 - CONTROL NUMBER IDENTIFIER
control field AR-UNSa-BCEJYS
040 ## - CATALOGING SOURCE
Original cataloging agency AR-UNSa-BCEJYS
Language of cataloging spa
Transcribing agency AR-UNSa-BCEJYS
080 ## - UNIVERSAL DECIMAL CLASSIFICATION NUMBER
Universal Decimal Classification number 519.2
Common auxiliary subdivision Probabilidades y estadística matemática<br/>
041 ## - LANGUAGE CODE
Language code of text/sound track or separate title spa
100 1# - MAIN ENTRY--PERSONAL NAME
Personal name Guenther, William C.
245 10 - TITLE STATEMENT
Title Introducción a la inferencia estadística
264 #1 - PRODUCTION, PUBLICATION, DISTRIBUTION, MANUFACTURE, AND COPYRIGHT NOTICE
Place of production, publication, distribution, manufacture New York :
Name of producer, publisher, distributor, manufacturer McGraw-Hill Book Company
Date of production, publication, distribution, manufacture, or copyright notice 1968
300 ## - PHYSICAL DESCRIPTION
Extent 357 p.
Dimensions 23 cm.
505 ## - FORMATTED CONTENTS NOTE
Formatted contents note 1. Probalidad – 2.Modelos probabilísticos – 3.Parametros, estadísticos y distribuciones muéstrales – 4.Contraste de hipótesis estadísticos – 5.Inferencia estadística para medias y varianzas – 6.Inferencias estadísticas acerca de parámetros de variables aleatorias discretas; contrastes chi-cuadrados aproximados – 7.Analisis de la varianza – 8.Regresion y correlación.
590 ## - LOCAL NOTE (RLIN)
Local note niveau_biblio:m niveau_hierar:0
700 1# - ADDED ENTRY--PERSONAL NAME
Personal name Gonzalvo Cavero, G.
700 1# - ADDED ENTRY--PERSONAL NAME
Personal name VIlaplana, J.P.
856 41 - ELECTRONIC LOCATION AND ACCESS
Uniform Resource Identifier <a href="https://biblioeco.unsa.edu.ar/pmb/images/libros/L128649.jpg">https://biblioeco.unsa.edu.ar/pmb/images/libros/L128649.jpg</a>
Link text Imagen de portada
Electronic format type image/jpeg
942 ## - ADDED ENTRY ELEMENTS (KOHA)
Koha item type
Existencias
Withdrawn status Lost status Damaged status Not for loan Home library Current library Shelving location Date acquired Total checkouts Full call number Barcode Date last seen Price effective from Koha item type
        Biblioteca Prof. Eusebio Cleto del Rey Biblioteca Prof. Eusebio Cleto del Rey   07/04/2026   519.2 G926 L128649 07/04/2026 07/04/2026 Libro